000 00802cam a2200253 a 4500
001 45830
003 BD-RJUL
005 20211209054055.0
008 160728s1962 nju b 000 0 eng d
035 _aBD-RJUL45948
040 _aDLC
_cOSU
_dSER
_dUKM
_dEQO
_beng
041 _aeng
082 _a342
_bANE 1962
100 1 _aAndrews, William George,
_d1930-
_9127008
245 1 0 _aEuropean political institutions :
_ba comparative government reader /
_cWilliam G. Andrews
260 _aPrinceton, N.J :
_bVan Nostrand,
_c[c1962]
300 _a387 p. :
_c23 cm
490 0 _aVan Nostrand political science series
504 _aIncludes bibliography
650 0 _aComparative government
_9140163
651 0 _aEurope
_xPolitics and government
_y1945-
_9126718
942 _2ddc
_cBK
999 _c45830
_d45830